[Event "NOR-chT Eliteserien 2021-22"]
[Site "Norway"]
[Date "2022.02.04"]
[Round "4.7"]
[White "Tallaksen, Levi André"]
[Black "Løvik, Lasse Østebø"]
[Result "*"]
[WhiteElo "2327"]
[BlackElo "2368"]
[Annotator "TA"]
[PlyCount "51"]
[EventDate "2021.10.29"]
[EventType "team-tourn"]
[EventCountry "NOR"]
[SourceTitle "playchess.com"]
[Source "ChessBase"]
[SourceQuality "1"]

{[%evp 24,28,53,56,70,44,52]} 1. c4 c6 2. d4 d5 3. Nf3 Nf6 4. Nc3 e6 5. Bg5 dxc4 6. e4 {[%cal Be2e4,Be4e5][%mdl 32]} b5 7. e5 h6 8. Bh4 g5 9. Nxg5 hxg5 10. Bxg5 Nbd7 11. exf6 Bb7 12. g3 c5 13. d5 Qb6 {The main line 13...Qb6 scores better than 13...Nxf6. D44: Semi-Slav: Botvinnik System.} 14. Bg2 $1 {[#] 0-0 is the strong threat. White is more active.} O-O-O {[#]} {Predecessor:} 15. O-O $146 b4 16. Na4 Qa6 17. a3 Bxd5 18. Bxd5 Ne5 19. axb4 Rxd5 20. Qe2 cxb4 21. Nc3 Qd6 22. Nxd5 Qxd5 23. f3 Bc5+ 24. Be3 Nd3 25. Bxc5 Qxc5+ 26. Kh1 {0-1 (40) Sarana,A (2640)-Shirov,A (2662) Chess.com INT 2020} *

[Event "NOR-chT Eliteserien 2021-22"]
[Site "Norway"]
[Date "2022.02.04"]
[Round "4.7"]
[White "Tallaksen, Levi Andre"]
[Black "Lovik, Lasse Ostebo"]
[Result "1-0"]
[WhiteElo "2321"]
[BlackElo "2368"]
[Annotator "TA"]
[PlyCount "85"]
[EventDate "2021.10.29"]
[EventType "team-tourn"]
[EventCountry "NOR"]
[SourceTitle "playchess.com"]
[Source "ChessBase"]
[SourceQuality "1"]

{[%evp 30,85,55,38,45,0,0,0,0,0,0,0,0,0,0,-187,-145,-473,-466,-443,169,0,0,0,0,0,0,-410,-404,-393,-371,-506,-456,-550,-254,-273,405,0,354,-68,205,197,849,728,919,445,29989,29990,29990,29991,29995,29991,29991,29992,29992,29993,29995,29996]} 1. c4 c6 2. d4 d5 3. Nf3 Nf6 4. Nc3 e6 5. Bg5 dxc4 6. e4 {[%cal Be2e4,Be4e5][%mdl 32]} b5 7. e5 h6 8. Bh4 g5 9. Nxg5 hxg5 10. Bxg5 Nbd7 11. exf6 Bb7 12. g3 c5 13. d5 Qb6 14. Bg2 O-O-O 15. O-O b4 16. Na4 Qa6 {D44: Semi-Slav: Botvinnik System.} 17. Re1 {[#]} (17. a3 $14 Bxd5 18. Bxd5) 17... exd5 $146 {[%cal Be6d5,Bd5d4][%mdl 32] aiming for ...d4.} ({Predecessor:} 17... Nb6 18. Nxb6+ Qxb6 19. Qg4 Bxd5 20. Bxd5 Rxd5 21. h4 Rd4 22. Re4 Bd6 23. Be3 Rxe4 24. Qxe4 Qc7 25. Rd1 Be5 26. Kf1 Bxb2 27. Qxc4 Bxf6 28. Bxc5 Bc3 29. a3 a5 30. Rd6 Kb8 31. Qb5+ {1-0 (31) Komljenovic,D (2441)-Martin Perez,J (2280) Dos Hermanas 2004}) 18. a3 b3 {The position is equal.} 19. Nc3 d4 20. Nd5 Bd6 21. Qg4 Kb8 {Hoping for ...Ne5.} 22. Qf5 {To avoid Ne5. Active counter play!} (22. Re7 $1 $11 {and White has nothing to worry.} Ne5 23. Qf4) 22... Nb6 $1 $19 (22... c3 23. Re7 cxb2 24. Rae1 $11) 23. Nb4 {[%mdl 8192]} (23. Nxb6 $17 {is more resistant.} axb6 24. Bxb7 Qxb7 25. Re7 $1) 23... cxb4 24. axb4 {[#]} Na4 $4 {[%mdl 8192]} (24... Rhe8 $1 $19 {and all is fine.} 25. Be3 (25. Red1 Re5) 25... Re5 $1) 25. Bxb7 $2 (25. b5 $18 Qb6 26. Rxa4 Bxg2 27. Kxg2 Qb7+ 28. f3) 25... Qxb7 $11 26. Re7 $1 $36 {[%mdl 2048] White fights for an advantage.} Bxe7 (26... Qxb4 27. Qf3 Bc7 28. Qc6 $16) 27. fxe7 {Chess con chili.} Rd5 28. Bf4+ $2 {[%mdl 8192]} (28. Qf6 Re8 29. Rxa4 c3 $19) (28. Qf4+ $11 Ka8 29. Qxf7) 28... Ka8 $19 29. Qxf7 Qd7 {Inhibits e8Q+. Threatens to win with ...Re8.} 30. Rxa4 {[%cal Ob4b5] Strongly threatening b5!} Re8 31. Ra5 {[#]} Rxa5 (31... Rxe7 $142 $1 32. Qxd5+ (32. Qg8+ Qd8) 32... Qxd5 33. Rxd5 c3 34. bxc3 (34. Rd8+ $2 Kb7 $19) 34... b2 35. Rxd4 (35. Rd8+ $2 Kb7 $19) 35... b1=Q+ 36. Kg2 Qc2) 32. bxa5 {[%mdl 4096] Endgame KQR-KQB} Qc6 {[%mdl 8192] [#]} (32... c3 $1 $19 {[%cal Rc3b2] avoids the disaster.} 33. Qxb3 Qb7 34. Qxb7+ Kxb7 35. bxc3 dxc3) 33. h4 $2 ({Only move:} 33. a6 $1 $18) 33... c3 $2 {[%mdl 8192] [#]} (33... a6 $1 $11 {and Black stays safe.}) 34. Qxb3 $2 (34. a6 $1 $18) 34... c2 $2 {[%mdl 8192]} (34... Qb7 $1 $15 {keeps the upper hand.} 35. Qxb7+ Kxb7 36. bxc3 dxc3) 35. Kh2 $18 {h5 is the strong threat.} Qe4 $2 (35... a6) 36. a6 Rh8 37. Qf7 (37. Bg5 $142 {White threatens Qa4 and mate.} Qc6 38. Qd3) 37... Qc6 (37... c1=Q $18 38. e8=Q+ (38. Bxc1 Rxh4+ 39. gxh4 Qxh4+ 40. Kg2 Qg4+ 41. Kh2 Qh4+ 42. Kg2 Qg4+ 43. Kh1 Qh4+ 44. Kg2 $11) 38... Rxe8 39. Bxc1 Qc6) 38. Qf8+ {White mates.} Qc8 39. Qf6 Rh5 40. Qg6 c1=Q 41. Bxc1 Re5 {[#]} 42. Qd6 $1 {[%csl LRd4,LRe5]} Rf5 (42... Rxe7 43. Qd5+) 43. Bf4 {Weighted Error Value: White=1.08/Black=1.16} 1-0

[Event "NOR-chT Eliteserien 2021-22"]
[Site "Norway"]
[Date "2022.02.04"]
[Round "4.8"]
[White "Bern, Ivar"]
[Black "Shehzad, Shazil"]
[Result "1/2-1/2"]
[WhiteElo "2312"]
[BlackElo "2182"]
[Annotator "TA"]
[PlyCount "87"]
[EventDate "2021.10.29"]
[EventType "team-tourn"]
[EventCountry "NOR"]
[SourceTitle "playchess.com"]
[Source "ChessBase"]
[SourceQuality "1"]

{[%evp 20,87,4,10,9,1,0,4,17,14,10,8,20,8,12,4,30,27,37,39,43,42,44,33,41,32,25,20,18,16,22,20,22,22,22,22,74,38,74,74,74,74,103,103,103,103,103,96,100,96,98,98,98,64,98,98,98,98,98,98,98,98,98,14,14,14,14,14,14,14]} 1. c4 e5 2. Nc3 Nf6 3. Nf3 Nc6 4. e3 Bb4 5. Qc2 Bxc3 6. Qxc3 Qe7 7. a3 d5 8. d4 exd4 9. Nxd4 Nxd4 10. Qxd4 c5 11. Qh4 O-O {A28: English Opening: Four Knights Variation.} 12. Bd2 Be6 13. cxd5 Nxd5 14. Qxe7 Nxe7 15. Rc1 Rac8 16. Be2 Rfd8 17. g4 {[#]} Ng6 $146 ({Predecessor:} 17... b6 18. Bc3 f6 19. Rg1 Nd5 20. Bd2 Ne7 21. f4 Rd6 22. g5 f5 23. Bc3 Nc6 {1-0 (48) Lagarde,M (2514)-Cornette,D (2357) Cappelle la Grande 2014}) 18. Bc3 Bd5 19. f3 Bb3 20. Kf2 Ne7 {[%cal Bg6e7,Be7c6,Bc6d4,Bd4e2][%mdl 32]} 21. e4 {Inhibits Nd5.} Nc6 22. g5 (22. h4 {seems wilder.} Kf8 23. g5 Nd4 24. Bd1 Be6 25. h5) 22... Nd4 23. h4 {[%cal Bh2h4,Bh4h5,Bh5h6][%mdl 32]} Nxe2 24. Kxe2 Rd7 25. h5 Rcd8 26. h6 g6 27. Ke3 Rd1 (27... Rd3+ $11 {remains equal.} 28. Kf4 R8d7) 28. Rcxd1 Rxd1 29. Rxd1 Bxd1 $16 {[%mdl 4096] Endgame KB-KB} 30. Be5 Kf8 31. Bd6+ Kg8 32. Bxc5 a5 33. f4 b5 34. f5 gxf5 35. exf5 Bc2 36. Kf4 a4 37. Ke5 Bd3 38. f6 Bf1 39. Kd4 Kh8 40. Bf8 Kg8 41. Bg7 ({Better is} 41. Bd6 $16) 41... Be2 {The position is equal.} 42. Kc5 Bf1 43. Kd6 Bd3 44. Ke7 {Weighted Error Value: White=0.09 (flawless) /Black=0.09 (flawless)} 1/2-1/2

[Event "NOR-chT Eliteserien 2021-22"]
[Site "Norway"]
[Date "2022.02.04"]
[Round "4.9"]
[White "Fossan, Erik"]
[Black "Stokke, Kjetil"]
[Result "1/2-1/2"]
[WhiteElo "2335"]
[BlackElo "2325"]
[Annotator "TA"]
[PlyCount "46"]
[EventDate "2021.10.29"]
[EventType "team-tourn"]
[EventCountry "NOR"]
[SourceTitle "playchess.com"]
[Source "ChessBase"]
[SourceQuality "1"]

{[%evp 12,46,9,6,9,-14,-16,-18,-17,-11,0,0,-6,-16,0,0,-6,-9,-9,-26,-18,-16,-10,-14,-5,-10,0,-8,-10,-18,0,0,0,0,0,0,24]} 1. e4 c6 2. d4 d5 3. exd5 cxd5 4. c4 Nf6 5. Nc3 Nc6 6. Bg5 Be6 7. Be2 {The modern move.} Qa5 $1 {B13: Caro-Kann: Exchange Variation and Panov-Botvinnik Attack.} (7... dxc4 $2 8. Bxf6 exf6 9. d5 $18) 8. Bf3 {[#] Strongly threatening Bxf6.} dxc4 9. d5 {Black must now prevent Bd2.} O-O-O $1 {[%cal Rf6d5]} 10. Bd2 Nxd5 11. Nxd5 Rxd5 12. Bxa5 Rxd1+ 13. Rxd1 Nxa5 14. Ne2 $132 {[%mdl 2048] White is not keeping still} g6 {[#]} 15. Bd5 $146 ({Predecessor:} 15. Nd4 Bd7 16. b4 cxb3 17. Nxb3 Nxb3 18. axb3 Bb5 19. Be2 {½-½ (19) Bergmann,M (2534)-Fernandez,J (2309) LSS email 2014}) 15... Bxd5 16. Rxd5 {[#] The position is equal.} e6 $1 17. Rd2 Bg7 18. Nc3 Rd8 19. Rxd8+ Kxd8 20. Kd2 Ke7 21. Rb1 a6 22. b4 cxb3 $1 23. axb3 Bd4 {An interesting draw.  Weighted Error Value: White=0.04 (flawless) /Black=0.03 (flawless)} 1/2-1/2

[Event "NOR-chT Eliteserien 2021-22"]
[Site "Norway"]
[Date "2022.02.04"]
[Round "4.9"]
[White "Tryggestad, Andreas Garberg"]
[Black "Mikalsen, Erlend"]
[Result "*"]
[WhiteElo "2273"]
[BlackElo "2368"]
[Annotator "TA"]
[PlyCount "51"]
[EventDate "2021.10.29"]
[EventType "team-tourn"]
[EventCountry "NOR"]
[SourceTitle "playchess.com"]
[Source "ChessBase"]
[SourceQuality "1"]

{[%evp 19,38,0,31,23,31,31,24,41,41,41,32,35,37,35,47,37,85,40,46,43,49]} 1. d4 {CB} Nf6 2. c4 e6 3. Nf3 d5 4. Nc3 Be7 5. Bg5 h6 6. Bxf6 Bxf6 7. e3 O-O 8. Qc2 c5 9. dxc5 dxc4 10. Bxc4 Qa5 11. O-O {D55: Queen's Gambit Declined: 4 Bg5 Be7: Lines without ...h6 and 6...h6 7 Bxf6.} Bxc3 12. Qxc3 Qxc3 13. bxc3 {White has an edge.} Nd7 {[%cal Bb8d7,Bd7b6,Bb6d5][%mdl 32]} 14. c6 $1 bxc6 15. Rfd1 Nb6 16. Bf1 Bb7 17. a4 c5 {[#]} (17... Rad8 $14) 18. a5 (18. Ne5 $1 $16) 18... Bxf3 $14 19. gxf3 Nd5 {[#]  Weighted Error Value: White=0.06 (flawless) /Black=0.12 (very precise)} {Predecessor:} 20. e4 $146 Nf6 21. Rd6 Rfd8 22. Rad1 Rxd6 23. Rxd6 Rc8 24. Bb5 g5 25. Kf1 Kf8 26. Ke2 {1-0 (73) Zhukova,N (2471)-Guo,Q (2435) Astana 2013 CBM 153 Extra [CB]} *

[Event "NOR-chT Eliteserien 2021-22"]
[Site "Norway"]
[Date "2022.02.04"]
[Round "4.10"]
[White "Gullaksen, Eirik"]
[Black "Kvaloy, Aksel Bu"]
[Result "0-1"]
[WhiteElo "2349"]
[BlackElo "2280"]
[Annotator "TA"]
[PlyCount "92"]
[EventDate "2021.10.29"]
[EventType "team-tourn"]
[EventCountry "NOR"]
[SourceTitle "playchess.com"]
[Source "ChessBase"]
[SourceQuality "1"]

{[%evp 19,92,0,6,0,0,-7,-6,-23,-11,-6,-11,-25,-41,-33,10,-24,35,-74,-81,-78,-85,-53,-69,-65,-51,-193,-189,-354,-347,-366,-331,-352,-346,-358,-313,-415,-404,-508,-507,-502,-491,-521,-516,-612,-603,-715,-713,-687,-677,-775,-794,-794,-794,-795,-783,-791,-772,-943,-911,-904,-962,-979,-949,-1577,-1476,-29980,-29981,-29987,-29988,-29988,-29989,-29989,0,-29984,-29985]} 1. e4 e5 2. Nf3 Nc6 3. Bb5 a6 4. Ba4 Nf6 5. O-O Be7 6. Re1 b5 7. Bb3 O-O 8. d4 Nxd4 9. Nxd4 exd4 10. e5 Ne8 11. c3 {C88: Closed Ruy Lopez: Anti-Marshall Systems.} c5 $1 {[%cal Bc7c5,Bc5c4][%mdl 4] Threatens to win with ...c4. is recently more successful than 11...dxc3.} 12. cxd4 c4 13. Qf3 {The position is equal.} Nc7 14. Bc2 d5 15. Nc3 b4 16. Ne2 {[#]} ({But not} 16. Qh5 $2 g6 17. Qf3 bxc3 $19) 16... Ne6 $146 (16... a5 $15 {was preferrable.}) ({Predecessor:} 16... a5 17. b3 c3 18. a3 Be6 19. axb4 axb4 20. Rxa8 Qxa8 21. Bh6 Qa2 22. Qd3 g6 23. Bxf8 Bxf8 {½-½ (42) Martin,A (2410)-Glatthaar,M (2534) LSS email 2019}) 17. Be3 f6 ({Better is} 17... Ra7 $11) 18. Qh5 (18. Nf4 $1 $14 {stays ahead.} Nc7 {[#]} 19. Ng6 $1 {[%mdl 512]} (19. Qh5 f5 $14)) 18... g6 $17 19. Bxg6 hxg6 20. Qxg6+ Ng7 $1 {Strongly threatening ...Bf5.} 21. Bh6 {[%csl Gh6][%cal Rg6g7]} Rf7 {Hoping for ...fxe5.} 22. e6 {Black continues to play with concentration.} (22. Ng3 $1 $15 fxe5 23. dxe5) 22... Bxe6 $19 23. Ng3 $2 (23. g4 {was worth a try.} Qd6 24. Bf4 (24. Nf4 $2 Bd7 $19)) 23... Qd7 24. Nh5 {[#]} Bf5 $1 25. Qg3 {[%cal Rh6g7]} Bd6 26. Bf4 Bf8 27. Re3 Re8 28. h3 Rxe3 29. Bxe3 c3 30. bxc3 bxc3 {[%cal Bb4c3,Bc3c2][%mdl 32]} 31. Bf4 c2 32. Kh2 Be4 33. f3 Bd3 34. Re1 Qf5 35. Nxg7 Rxg7 36. Qh4 Re7 {aiming for ...Rxe1.} 37. Rxe7 Bxe7 {A strong pair of Bishops.} 38. Bc1 Bd6+ 39. f4 Kf7 40. Qf2 Qe4 41. g4 Bc4 42. a3 Qd3 43. Qg3 Qe2+ 44. Qg2 Qd1 {[%csl LRc1,LRd4]} 45. Qg1 Qd3 46. Qg3 $1 Qxd4 {Weighted Error Value: White=0.53/Black=0.08 (flawless)} 0-1

[Event "NOR-chT Eliteserien 2021-22"]
[Site "Norway"]
[Date "2022.02.04"]
[Round "4.10"]
[White "Gullaksen, Eirik"]
[Black "Kvaløy, Aksel Bu"]
[Result "*"]
[WhiteElo "2345"]
[BlackElo "2280"]
[Annotator "TA"]
[PlyCount "28"]
[EventDate "2021.10.29"]
[EventType "team-tourn"]
[EventCountry "NOR"]
[SourceTitle "playchess.com"]
[Source "ChessBase"]
[SourceQuality "1"]

{[%evp 19,28,0,0,0,0,0,0,-20,-16,-4,-19]} 1. e4 e5 2. Nf3 Nc6 3. Bb5 {[%cal Bf1b5,Bb5a4,Ba4b3][%mdl 32]} a6 4. Ba4 Nf6 5. O-O Be7 6. Re1 b5 7. Bb3 O-O 8. d4 Nxd4 9. Nxd4 exd4 10. e5 Ne8 {The position is equal.} 11. c3 {C88: Closed Ruy Lopez: Anti-Marshall Systems.} c5 {[%cal Bc7c5,Bc5c4][%mdl 32] Threatens to win with ...c4. now scores much better than the old 11...dxc3.} 12. cxd4 c4 13. Qf3 {[#]} Nc7 $146 ({Predecessor:} 13... Rb8 14. Bc2 d5 15. exd6 Bxd6 16. Nc3 Nc7 17. Ne4 Bb7 18. Qh3 Bxe4 19. Bxe4 g6 {½-½ (29) Tauber,H (2528)-Moll,R (2604) GER email 2016}) 14. Bc2 d5 {An interesting draw.  Weighted Error Value: White=0.04 (flawless) /Black=0.00 (flawless)} *

[Event "NOR-chT Eliteserien 2021-22"]
[Site "Norway"]
[Date "2022.02.04"]
[Round "4.10"]
[White "Solberg, Joachim"]
[Black "Torngren, Gustav"]
[Result "*"]
[WhiteElo "2216"]
[BlackElo "2229"]
[Annotator "ChessBase"]
[PlyCount "74"]
[EventDate "2021.10.29"]
[EventType "team-tourn"]
[EventCountry "NOR"]
[SourceTitle "playchess.com"]
[Source "ChessBase"]
[SourceQuality "1"]
[TimeControl "40/5400+30:1800+30"]

1. e4 c6 2. Nc3 d5 3. Nf3 Bg4 4. h3 Bxf3 5. Qxf3 e6 6. Be2 d4 7. Nb1 Nd7 8. O-O Ne7 9. d3 Ng6 10. Qg3 e5 11. f4 exf4 12. Bxf4 Nxf4 13. Qxf4 Qf6 14. Bg4 Qxf4 15. Bxd7+ Kxd7 16. Rxf4 f6 17. a4 Bd6 18. Rf1 Rhf8 19. Nd2 Rae8 20. Nb3 c5 21. Nd2 h5 22. Nc4 g6 23. Rf3 f5 24. Nxd6 Kxd6 25. Raf1 Re5 26. Rg3 Rf6 27. exf5 gxf5 28. Rg7 Re7 29. Rxe7 Kxe7 30. Re1+ Re6 31. Rxe6+ Kxe6 32. Kf2 f4 33. Kf3 Kf5 34. h4 b6 35. b3 a6 36. g3 fxg3 37. Kxg3 Ke5 *

[Event "NOR-chT Eliteserien 2021-22"]
[Site "Norway"]
[Date "2022.02.04"]
[Round "4.11"]
[White "Gjestemoen-VonHirsch, Andre"]
[Black "Mork, Kjell Arne"]
[Result "0-1"]
[WhiteElo "2243"]
[BlackElo "2246"]
[Annotator "TA"]
[PlyCount "97"]
[EventDate "2021.10.29"]
[EventType "team-tourn"]
[EventCountry "NOR"]
[SourceTitle "playchess.com"]
[Source "ChessBase"]
[SourceQuality "1"]

{[%evp 11,97,32,48,8,10,0,19,0,22,1,22,10,34,6,71,18,35,25,60,66,85,55,47,29,37,26,22,-100,-95,-99,-108,-110,-100,-110,-110,-102,-102,-107,-106,-112,-60,-78,-75,-74,-72,-79,-66,-94,-75,-88,-49,-74,-49,-160,-155,-139,-156,-148,-154,-154,-153,-139,0,0,0,0,0,-10,0,-362,0,-371,-371,-371,-371,-371,-371,-370,-363,-566,-566,-29963,-29964,-29971,-29972,-29970,-29970,-5598]} 1. e4 c5 2. Nf3 e6 3. d4 cxd4 4. Nxd4 Nc6 5. Nc3 Qc7 6. Be3 a6 7. g4 {now supersedes 7.Qd2. B48: Sicilian: Taimanov: 5 Nc3 Qc7 6 Be3 a6 without Be2.} b5 8. Nxc6 Qxc6 9. Qd2 {The position is equal.} Bb7 10. O-O-O Nf6 {[%csl LRe4,LRg4] ...b4 is the strong threat.} 11. f3 $1 h6 {[#]} (11... b4 $5 {[%cal Rb4c3]} 12. Ne2 d5 $11) 12. Bg2 $146 ({Predecessor:} 12. h4 Rc8 13. Rg1 Bc5 14. Bd3 Bxe3 15. Qxe3 Qc5 16. Qd2 b4 17. Ne2 d5 18. e5 {1-0 (35) Agmanov,Z (2417)-Suleymenov,A (2420) Nur Sultan 2021}) 12... d6 (12... b4 $1 $11 13. Ne2 d5) 13. Rhg1 ({White should play} 13. Kb1 $16) 13... Qc7 14. h4 Be7 15. g5 hxg5 16. hxg5 Nd7 17. f4 {Inhibits Ne5.} Nb6 $1 18. b3 {Prevents Nc4.} Rc8 19. Bd4 (19. Kb2 $11 {remains equal.}) 19... e5 $1 $17 20. fxe5 dxe5 21. Bxb6 Qxc3 ({But not} 21... Qxb6 $6 22. Nd5 Ba3+ 23. Kb1 $15) 22. Qxc3 Rxc3 23. g6 fxg6 24. Kb2 Rc6 {Black is more active.} 25. Be3 Rd6 (25... g5 $17 26. Rd5 Re6) 26. Rxd6 $15 Bxd6 27. c4 bxc4 28. bxc4 Rh4 29. c5 Bc7 30. Kc3 Rg4 ({Don't play} 30... Bxe4 $6 31. Bf2 Rg4 32. Bxe4 Rxe4 33. Rxg6 $11) 31. Kd3 Bd8 32. Rb1 Bc6 $1 $17 33. Bf3 Rg3 34. Ke2 Bb5+ $1 35. Kf2 {[#]} Bh4 {[%csl Gh4][%cal Rg3g5]} 36. Bd2 {[#]} Rg4+ (36... g5 $1 $17 {[%cal Rg5g4] Strongly threatening ...g4.} 37. Rh1 Kd7) 37. Ke3 $11 Bg5+ 38. Kf2 Bh4+ 39. Ke3 {And now Rxb5 would win.} Rg3 {Threatens to win with ...Bg5+.} 40. Rh1 $2 {[%mdl 8192]} (40. Kf2 $11) 40... Bg5+ $19 41. Kf2 {[#]} Rxf3+ $1 {[%mdl 512]} 42. Kxf3 Bxd2 43. Rd1 Bg5 44. Rd6 Be7 45. Re6 (45. Rxg6 {keeps fighting.} Kf7 46. Rb6) 45... Kf7 {[%csl LRc5,LRe6]} 46. Rxe5 Bc6 {Prevents Rd5. Black mates.} 47. Kf4 Bf6 48. Rd5 Bxd5 49. exd5 {Weighted Error Value: White=0.56/Black=0.12 (very precise)} 0-1

[Event "NOR-chT Eliteserien 2021-22"]
[Site "Norway"]
[Date "2022.02.04"]
[Round "4.11"]
[White "Nordquelle, Daniel"]
[Black "Mikalsen, Odd Erling"]
[Result "*"]
[WhiteElo "2130"]
[BlackElo "1875"]
[Annotator "ChessBase"]
[PlyCount "26"]
[EventDate "2021.10.29"]
[EventType "team-tourn"]
[EventCountry "NOR"]
[SourceTitle "playchess.com"]
[Source "ChessBase"]
[SourceQuality "1"]
[TimeControl "40/5400+30:1800+30"]

1. e4 {[%emt 0:00:03]} e6 {[%emt 0:02:23]} 2. d4 {[%emt 0:00:13]} d5 {[%emt 0:00:18]} 3. Nd2 {[%emt 0:00:22]} dxe4 {[%emt 0:00:18]} 4. Nxe4 {[%emt 0:00:08]} Nd7 {[%emt 0:00:44]} 5. g3 {[%emt 0:03:51]} Ngf6 {[%emt 0:02:13]} 6. Bg5 {[%emt 0:13:52]} h6 {[%emt 0:01:24]} 7. Bxf6 {[%emt 0:01:04]} Nxf6 {[%emt 0:00:58]} 8. Nxf6+ {[%emt 0:01:13]} Qxf6 {[%emt 0:00:37]} 9. Bg2 {[%emt 0:00:06]} c5 {[%emt 0:05:27]} 10. Nf3 {[%emt 0:05:15]} cxd4 {[%emt 0:02:15]} 11. Qxd4 {[%emt 0:00:46]} Be7 {[%emt 0:02:39]} 12. O-O {[%emt 0:07:21]} O-O {[%emt 0:00:29]} 13. Rad1 {[%emt 0:10:37]} b6 {[%emt 0:03:27]} *

[Event "NOR-chT Eliteserien 2021-22"]
[Site "Norway"]
[Date "2022.02.04"]
[Round "4.12"]
[White "Mansoor, Afras"]
[Black "Fossan, Petter"]
[Result "1/2-1/2"]
[WhiteElo "2003"]
[BlackElo "2283"]
[Annotator "TA"]
[PlyCount "116"]
[EventDate "2021.10.29"]
[EventType "team-tourn"]
[EventCountry "NOR"]
[SourceTitle "playchess.com"]
[Source "ChessBase"]
[SourceQuality "1"]

{[%evp 25,116,30,54,45,75,60,69,80,91,85,85,95,119,129,137,136,186,186,185,107,106,103,124,107,182,201,237,253,270,226,220,198,182,211,194,184,180,196,181,195,200,190,200,207,264,179,260,252,253,267,301,0,0,0,0,0,0,0,1998,59,2467,0,0,0,31,21,20,0,0,0,0,0,0,0,0,0,0,0,0,0,0,0,0,-8,0,0,16,0,0,0,0,0,0]} 1. d4 Nf6 2. c4 g6 3. Nc3 Bg7 4. e4 d6 5. Nf3 O-O 6. Be2 e5 7. Be3 Na6 8. O-O Ng4 9. Bg5 Qe8 10. h3 h6 11. Bc1 Nf6 12. dxe5 {12.Re1 is the modern continuation.} dxe5 13. Be3 Qe7 14. a3 {E94: King's Indian: Classical: 6 Be2 e5 7 0-0: Various Black 7th moves.} Nc5 15. Qc2 c6 {Prevents Nd5.} 16. b4 {[%cal Bb2b4,Bb4b5][%mdl 32] [#] White is slightly better.} Na6 $146 ({Predecessor:} 16... Ncd7 17. Nd2 Ne8 18. Bd3 Nc7 19. c5 Ne6 20. Ne2 Nd4 21. Nxd4 exd4 22. Bf4 Ne5 {1-0 (56) Handler,L (2368)-Ochsner,B (2290) Prague 2012}) 17. Rfd1 Nh5 18. Na4 {White is more active.} Nf4 19. b5 Nc7 20. Bc5 Qf6 (20... Nxe2+ $16 {keeps fighting.} 21. Qxe2 Qe8 22. Bxf8 Qxf8) 21. Bd6 $1 $18 ({Resist} 21. Bxf8 $6 Bxf8 22. bxc6 bxc6 $16) 21... Ne8 22. Bxf8 ({White should try} 22. Bxe5 $18 Nxe2+ 23. Qxe2) 22... Bxf8 $16 23. bxc6 bxc6 {[#]} 24. Ra2 $1 Nc7 (24... g5 $16) 25. Qc3 $18 Nxe2+ 26. Rxe2 Bg7 27. Nc5 Ne6 28. Nd3 Nd4 29. Nxd4 exd4 30. Qa5 Be6 31. Qc5 Bf8 32. Qxc6 Rc8 33. Qa6 {[%cal Oc4c5]} Rxc4 34. Qxa7 Qg5 35. Kf1 Qb5 (35... Qh4 $142 36. Kg1 Qg5) 36. Rb2 Qh5 37. Re1 Qg5 38. Qb8 $2 (38. Rb8 $18 {aiming for Qa8.} Rc3 {[#]} 39. Qa8 $1 (39. Qxd4 Qd2 $16)) 38... Rc3 $1 $11 {[%csl LRa3,LRd3] Hoping for ...Bc4.} 39. Nf4 Rc8 40. Nxe6 Rxb8 41. Nxg5 Rb7 {[%mdl 8192]} 42. Nf3 $2 ({Only move:} 42. Rxb7 $18 Bg7 43. Nxf7) 42... Rb4 $2 {[%mdl 8192]} 43. Ng5 $2 Rxb2 {[%mdl 4096] Endgame KRB-KRN} 44. Nf3 Bxa3 (44... d3 {seems wilder.} 45. Rd1 Bc5 46. Rd2 Rb1+ 47. Ne1 Bxa3 48. Rxd3 Bb4) 45. Nxd4 Bc5 {The position is equal.} 46. Rd1 Rb4 47. Nf3 Rxe4 48. g3 Kg7 49. Rd2 g5 {[%cal Bg6g5,Bg5g4][%mdl 32]} 50. Kg2 Kg6 51. Rc2 Be7 52. Rc6+ f6 53. Rc2 h5 54. Rd2 g4 55. Nh4+ Kg5 56. Rd5+ Kh6 57. Nf5+ Kg6 58. Nh4+ Kh6 {Weighted Error Value: White=0.36/Black=0.15 (very precise)} 1/2-1/2